000 00560nmm a2200181Ia 4500
008 251105s9999||||xx |||||||||||||||||und||
041 _aspa
100 _aVerne, Jules
245 0 _aViaje a Contrapelo entre Inglaterra y Escocia
264 _a[Madrid, España] :
_bNordica Libros,
_c[Fecha de publicación no identificada]
300 _a0 páginas
490 _aOtras Latitudes
650 _aFrench narrative
700 _aVerne, Jules
700 1 _a García Román, Mª José
856 _uhttps://public.digitaliapublishing.com/a/99847
942 _cCF
999 _c72358
_d72358